• Allers Roger

di Personal Name

Records bibliografici associati: 1

001 - CONTROL NUMBER

  • control field: 50828

003 - CONTROL NUMBER IDENTIFIER

  • control field: IT-RoPau

005 - DATE AND TIME OF LATEST TRANSACTION

  • control field: 20151202151536.0

008 - FIXED-LENGTH DATA ELEMENTS

  • fixed length control field: 151202|| aca||aabn | a|a d

040 ## - CATALOGING SOURCE

  • Original cataloging agency: IT-RoPau
  • Transcribing agency: IT-RoPau

100 ## - HEADING--PERSONAL NAME

  • Personal name: Allers Roger
  • Relator term: (regista)
  • Miscellaneous information: Codice regista SPICS: 44712

670 ## - SOURCE DATA FOUND

  • Source citation: Work cat.: (IT-RoPau)107183: Allers Roger Codice regista SPICS: 44712 50825, RE LEONE (IL) RE LEONE (IL) (Rif. Codice opera principale : D3565)
CREDITS: SOCIETA' SAN PAOLO Via A.Severo, 58 - ROMA (RM) & PERIODICI SAN PAOLO SRL Via Giotto, 36 MILANO & CISF Via Giotto, 36 MILANO & EDIZIONI SAN PAOLO SRL,  Piazza Soncino, 5 CINISELLO BALSAMO (MI) -- ITALY